000 01343nam0a22002891 4500
001 rc\4023659
005 20250611061512.0
021 _aRU
_b[49-11277]
035 _a(NLR Aleph) 008088016
090 _a9165399
_c9165399
100 _a20130415d1949 |||y0rusy50 ca
101 0 _arus
102 _aRU
105 _aa z |||||
200 1 _aПамятка токаря-скоростника
_f[Всесоюз. науч. инж.-техн. о-во машиностроителей. Моск. отд-ние] "МОНИТОМаш". Первичная организация при Всесоюз. науч.-исслед. инструм. ин-те МСС СССР
210 _aМосква
_cИзд-во и 1-я тип. Машгиза в Л.
_d1949
215 _a24 с.
_cчерт.
_d15
300 _aПеред загл. авт.: канд. техн. наук П.П. Грудов, инж. К.В. Добронович
606 _aРезцы с пластинками из твердых сплавов
_2psbo
606 _aТокарные работы по металлу
_xСкоростные методы
_2psbo
700 1 _aГрудов
_bП.П.
_gПетр Петрович
701 1 _aДобронович
_bК.В.
801 0 _aRU
_bNLR
_gpsbo
801 1 _aRU
_bELAR
_2rusmarc
852 _aNLR
_jТ36 Г-2/342
942 _cBOOK
980 _aNB